00854nam a22002297a 450000500170000001000130001702000100003003500130004003700160005304000120006908200240008110000320010524500740013724600380021126000580024927000700030730000810037765000430045865000730050165000210057465000290059520170124103039.0 aA-521228 c90.00 aA-521228 bCen Lib/Ret aDPLbHN aउ bगोयल  aगोयल, हरीश  aकालजयी यात्रा /cहरीश गोयल aKaaljyi yatra b by Harish Goyal  aअजमेर bशब्द साधना c1990 a59, शाश्त्री नगर bअजमेर e305001 a248पृष्ठ. :c20सेमी(सजिल्द)bचित्र.  aहिंदी साहित्य  aहिंदी उपन्यास - वैज्ञानिक  aHindi literature ahindi novel - Scientific